000 00832cab a2200217 4500
001 X84397
008 090401t1997 xxu||||| |||| 00| 0 eng d
035 _a(Sirsi) u78786
041 _aeng
245 _aR v Environment Agency ex parte Dockgrange Limited
260 _c1997
350 _a0
490 _aNew Property Cases
_v[1997] NPC 86
520 _aQBD 22 May 1997. Environmental law - judicial review - waste - importation of waste - mixture of waste - interpretation of Art 10 of EC Regulation 259/93 - whether mixture of green wastes to be treated as unassigned waste subject to red-list procedure. Taken from headnote. NO PHOTOCOPYING ALLOWED.
650 _aEC REGULATIONS
650 _aENVIRONMENTAL LAW
650 _aWASTE
690 _aPLANNING LAW AND PRACTICE-CASE LAW
942 _n0
948 _c06/06/1997
999 _c49528
_d49528